000
00288nam a22001217a 4500
999
_c
13429
_d
13429
020
_a
9789699988998
082
_a
954.035
100
_a
Ahmad Saeed, Kh. Mansur Sarwar
245
_a
Trek to Pakistan
260
_a
Lahore
_b
Peace Publications
_c
2019
300
_a
xiv, 369 pages
942
_c
BK